| Tag |
First Indicator |
Second Indicator |
Subfields |
| LEADER |
00000cam a2200000 a 4500 |
| 001 |
in00002407607 |
| 005 |
20151109102556.0 |
| 008 |
070921s2008 nyua b s001 0 eng |
| 010 |
|
|
|a 2007039249
|
| 020 |
|
|
|a 9780791475034 (hardcover : alk. paper)
|
| 020 |
|
|
|a 0791475034 (hardcover : alk. paper)
|
| 035 |
|
|
|a (OCoLC)ocn173368388
|
| 035 |
|
|
|a (OCoLC)173368388
|
| 040 |
|
|
|a DLC
|c DLC
|d BTCTA
|d YDXCP
|d C#P
|d BWX
|d CDX
|d BAKER
|d UtOrBLW
|
| 043 |
|
|
|a e-sp---
|
| 049 |
|
|
|a TXAM
|
| 050 |
0 |
0 |
|a PN1993.5.S7
|b B87 2008
|
| 082 |
0 |
0 |
|a 791.430946
|2 22
|
| 245 |
0 |
0 |
|a Burning darkness :
|b a half century of Spanish cinema /
|c edited by Joan Ramon Resina ; with the assistance of Andrés Lema-Hincapié.
|
| 264 |
|
1 |
|a Albany :
|b SUNY Press,
|c [2008]
|
| 264 |
|
4 |
|c ©2008
|
| 300 |
|
|
|a viii, 310 pages :
|b illustrations ;
|c 24 cm.
|
| 336 |
|
|
|a text
|b txt
|2 rdacontent
|
| 337 |
|
|
|a unmediated
|b n
|2 rdamedia
|
| 338 |
|
|
|a volume
|b nc
|2 rdacarrier
|
| 490 |
1 |
|
|a SUNY series in Latin American and Iberian thought and culture
|
| 504 |
|
|
|a Includes bibliographical references (pages 277-293) and index.
|
| 650 |
|
0 |
|a Motion pictures
|z Spain
|x History.
|
| 700 |
1 |
|
|a Resina, Joan Ramon.
|
| 700 |
1 |
|
|a Lema-Hincapié, Andrés.
|
| 830 |
|
0 |
|a SUNY series in Latin American and Iberian thought and culture.
|
| 938 |
|
|
|a Baker and Taylor
|b BTCP
|n BK0007803668
|
| 938 |
|
|
|a YBP Library Services
|b YANK
|n 2832911
|
| 938 |
|
|
|a Blackwell Book Service
|b BBUS
|n R4725996
|c $75.00
|
| 938 |
|
|
|a Coutts Information Services
|b COUT
|n 6339924
|
| 938 |
|
|
|a Baker & Taylor
|b BKTY
|c 75.00
|d 75.00
|i 0791475034
|n 0007803668
|s active
|
| 945 |
|
|
|a PromptCat
|b 493951
|
| 946 |
|
|
|a stk
|
| 947 |
|
|
|a A14836735143
|
| 994 |
|
|
|a 92
|b TXA
|
| 948 |
|
|
|a cataloged
|b h
|d 2008/9/4
|h c
|e asalazar
|f 1:30:54 pm
|
| 999 |
|
|
|a MARS
|
| 999 |
f |
f |
|s b476e494-65bf-3bf4-b81e-fe9cb20b75d1
|i 20902733-47a2-396f-a6da-bd7861f61b68
|t 0
|
| 952 |
f |
f |
|p normal
|a Texas A&M University
|b College Station
|c Sterling C. Evans Library
|d Evans: Library Stacks
|t 0
|e PN1993.5.S7 B87 2008
|h Library of Congress classification
|i unmediated -- volume
|m A14836735143
|
| 998 |
f |
f |
|a PN1993.5.S7 B87 2008
|t 0
|l Evans: Library Stacks
|